How Long - Charlie Puth - All Lyrics - Statistics

General Stats
  • This quiz has been taken 73 times
  • The average score is 323 of 379
Answer Stats
Answer % Correct
I
100%
(I
100%
(Ah)
98%
been
98%
go
98%
goin'
98%
has
98%
mmm
98%
oh,
98%
oh)
98%
Oh
98%
on?
98%
on
98%
(On
98%
on,
98%
(On,
98%
on)
98%
ooh
98%
(Ooh)
98%
(Ooh,
98%
Ooh-ooh
98%
Ooh-ooh,
98%
(Ooh-ooh,
98%
(Ooh-ooh
98%
(Ooh-ooh)
98%
this
98%
uh-uh)
98%
Whoa,
98%
(Woo)
98%
yeah
98%
Yeah
98%
(Yeah)
98%
yeah)
98%
you
98%
(You
98%
How
96%
long
96%
me
96%
me)
96%
You’ve
95%
You've
95%
Baby,
93%
"baby”
93%
baby
93%
"Baby"
93%
(Baby)
93%
baby?
93%
it
91%
callin'
88%
was
86%
Was
86%
your
86%
know
84%
no
84%
creepin'
82%
'round
82%
say,
82%
say
82%
the
82%
But
81%
but
81%
gotta
81%
for
79%
just
79%
tell
79%
what
79%
When
79%
you're
79%
admit,
77%
admit
77%
admit),
77%
I'll
77%
(I'll
77%
my
77%
(My
77%
You’re
77%
can
75%
lately,
75%
only
75%
said,
75%
said
75%
She
75%
wrong,
75%
and
74%
show?"
74%
show?)
74%
that
74%
feelin'
72%
honestly,
72%
honestly
72%
(Honestly,
72%
I've
72%
love,
72%
real
72%
not
70%
shady
70%
(Shady)
70%
else
68%
it's
68%
one
68%
so
68%
wanna
68%
were
68%
believe
67%
happened
67%
once,
67%
or
67%
there
67%
apologies”
65%
apologies"
65%
(Apologies,
65%
"Boy,
65%
don't
65%
heart?
65%
"Save
65%
actin'
63%
Can’t
61%
never
61%
see
61%
try
61%
try),
61%
fault
60%
fault)
60%
girl?
60%
head
60%
drunk,
58%
feelings
58%
involved,
56%
While
56%
make
54%
promise
54%
right
53%
you'll
53%
gone,
49%
now
46%
now)
46%
blame
39%
(Is
28%
No matching quizzes found
Score Distribution
Percent of People with Each Score
Percentile by Number Answered
Your Score History
You have not taken this quiz